Stati della Comunità dei Paesi di lingua portoghese - Statistics

Statistiche generali
  • Questo quiz è stato fatto 44 volte
  • Il punteggio medio è 6 su 9
Statistiche sulle risposte
Continente Nazione % Corretto
America del Sud Brasile
100%
Europa Portogallo
92%
Africa Angola
74%
Africa Mozambico
69%
Africa São Tomé e Príncipe
62%
Africa Capo Verde
59%
Asia Timor Est
51%
Africa Guinea-Bissau
49%
Africa Guinea Equatoriale
46%
Nessun quiz corrispondente trovato
Distribuzione punteggi
Percentuale di utenti per punteggio
Percentile per numero di risposta
I tuoi punteggi nel tempo
Non hai fatto questo quiz